Writing academic English
Writing Academic English, by Alice Oshima and Ann Hogue, is the essential writing text to prepare high-intermediate and advanced college or college-bound English language learners for academic success.
সংরক্ষণ করুন:
| প্রধান লেখক: | |
|---|---|
| বিন্যাস: | গ্রন্থ |
| ভাষা: | Undetermined |
| প্রকাশিত: |
White Plains, NY
Pearson/Longman
2006
|
| বিষয়গুলি: | |
| ট্যাগগুলো: |
ট্যাগ যুক্ত করুন
কোনো ট্যাগ নেই, প্রথমজন হিসাবে ট্যাগ করুন!
|
| Thư viện lưu trữ: | Trung tâm Học liệu Trường Đại học Cần Thơ |
|---|
| LEADER | 00993nam a2200241Ia 4500 | ||
|---|---|---|---|
| 001 | CTU_154709 | ||
| 008 | 210402s9999 xx 000 0 und d | ||
| 020 | |c 147000 | ||
| 082 | |a 808.042 | ||
| 082 | |b O.82 | ||
| 100 | |a Oshima, Alice | ||
| 245 | 0 | |a Writing academic English | |
| 245 | 0 | |c Alice Oshima, Ann Hogue | |
| 260 | |a White Plains, NY | ||
| 260 | |b Pearson/Longman | ||
| 260 | |c 2006 | ||
| 520 | |a Writing Academic English, by Alice Oshima and Ann Hogue, is the essential writing text to prepare high-intermediate and advanced college or college-bound English language learners for academic success. | ||
| 526 | |a Anh văn chuyên môn - KHCT | ||
| 526 | |b NN134 | ||
| 650 | |a English language,English language,Academic writing,Report writing,English language,Ngôn ngữ tiếng Anh,Ngôn ngữ tiếng Anh | ||
| 650 | |x Rhetoric,Grammar,Ngữ pháp,Phép tu từ | ||
| 904 | |i Trọng Hiếu | ||
| 980 | |a Trung tâm Học liệu Trường Đại học Cần Thơ | ||